01384cam a22003257a 4500001000500000005001700005020001800022040002300040050001300063082001000076100002000086245013800106250004400244260004600288300004600334490002800380490002000408505000800428520016200436521002000598521002000618650001800638650002000656700003700676906004500713942001500758999001500773952012600788952014400914328920240625150843.0 a9780689810015 aDLCcDLCdDLCbeng00aPZ7.R982 a813.61 aRylant, Cynthia10aHenry and Mudge in the green time :bthe third book of their adventures /cstory by Rylant, Cynthia ; pictures by Stevenson, Suçie aFirst Aladdin Paperbacks Edition , 1992 aNew York :bSimon & Schuster, Inc, c1987 a48 pages :bcolor illustrations ;c23 cm.0 aReady-to-read.vLevel 20 aHenry and Mudge aJ  aFor Henry and his big dog Mudge, summer means going on a picnic in the park, taking a bath under the garden hose, and going to the top of the big green hill. a480 bLexile  aJ bRaz-Plus  1aDogsvFiction 1aSummervFiction1 aStevenson, Suçieeillustrator  a7bcbccorigcopd2encipf20gy-gencatlg 2ddccBKn0 c3289d3289 00102ddc40708JUVFa001b001cTTPd2024-02-23l0oRYA 813.6 PZ7.R982pFIS03236r2024-02-23 13:54:02t1w2024-02-23yBK 00102ddc40708JUVFa001b001cTK Blued2024-06-25l1oRYA 813.6 PZ7.R982pFISTK01191r2025-03-14 11:03:41s2024-12-09t2w2024-06-25yBK